System and Bayesian reliability (Record no. 33113)
[ view plain ]
| 000 -LEADER | |
|---|---|
| fixed length control field | 01622nam a2200397Ia 4500 |
| 245 00 - TITLE STATEMENT | |
| Title | System and Bayesian reliability |
| 260 ## - PUBLICATION, DISTRIBUTION, ETC. (IMPRINT) | |
| Place of publication | River Edge, NJ : |
| Name of publisher | World Scientific, |
| Year of publication | c2001. |
| 300 ## - PHYSICAL DESCRIPTION | |
| Number of Pages | xxvii, 409 p. : |
| Other physical details | ill. |
| 490 1# - SERIES STATEMENT | |
| Series statement | Series on quality, reliability & engineering statistics ; |
| 650 #0 - SUBJECT ADDED ENTRY--TOPICAL TERM | |
| Topical Term | Reliability (Engineering) |
| Topical Term | System failures (Engineering) |
| Topical Term | Bayesian statistical decision theory. |
| Topical Term | Mathematical statistics. |
| 700 1# - ADDED ENTRY--PERSONAL NAME | |
| Personal name | Hayakawa, Yu. |
| Personal name | Irony, Telba. |
| Personal name | Xie, M. |
| Personal name | Barlow, Richard E. |
| 856 40 - ELECTRONIC LOCATION AND ACCESS | |
| Uniform Resource Identifier | http://site.ebrary.com/lib/rucke/Doc?id=10255580 |
No items available.
